[Event "CRO-ch U13"]
[Site "Trogir"]
[Date "2019.06.17"]
[Round "2"]
[White "Kovac, Petar"]
[Black "Jaksic, Josip"]
[Result "1-0"]
[WhiteElo "1906"]
[BlackElo "1504"]
[PlyCount "49"]
[EventDate "2019.06.17"]
[EventType "swiss"]
[EventRounds "9"]
[EventCountry "CRO"]
[SourceTitle "EXT 2020"]
[Source "ChessBase"]
[SourceDate "2019.10.17"]
[SourceVersion "1"]
[SourceVersionDate "2019.10.17"]
[SourceQuality "1"]

1. d4 d5 2. c4 e6 3. Nc3 Nf6 4. cxd5 exd5 5. Bg5 Nbd7 6. e3 Be7 7. Bd3 0-0 8. Nge2 Re8 9. 0-0 Nf8 10. Rc1 Be6 11. f3 Rc8 12. Bb1 Ng6 13. Nf4 Nxf4 14. Bxf4 Nh5 15. Be5 Bf6 16. g4 Bh4 17. gxh5 Bh3 18. Kh1 Bxf1 19. Qxf1 Bg5 20. Qd3 g6 21. Rg1 Bf6 22. hxg6 Bxe5 23. gxf7+ Kxf7 24. Qxh7+ Ke6 25. Qf5+ 1-0